000 03151cam a22005654i 4500
003 PE-LiUPU
005 20250731184539.0
008 181120s2012 sp a rb 000 0 spa d
020 _a9788436265613
035 _a(Sirsi) a250747
040 _aPE-LiUPU
_bspa
_cPE-LiUPU
_erda
049 _aPRUA
082 0 4 _a907.2
_bM4
_220
245 0 0 _aMétodos y técnicas de investigación histórica I /
_ccoordinación María Jesús Peréx Agorreta.
250 _aPrimera edición.
264 1 _aMadrid :
_bUniversidad nacional de educación a distancia,
_c2012.
300 _a674 páginas :
_bilustraciones ;
_c24 centímetros.
336 _atext
_2rdacontent
337 _aunmediated
_2rdamedia
338 _avolume
_2rdacarrier
490 0 _aGrado ;
_v6701404
504 _aBibliografía al final de cada capítulo.
505 0 _aLa investigación histórica. Conceptos generales. Historia, teoría y praxis histórica -- Aprendiendo a investigar la historia. Tipología y técnicas del trabajo histórico universitario -- El objeto de estudio de la prehistoria y la arqueología y las fuentes materiales de conocimiento -- Las técnicas de obtención del dato arqueológico (I): la prospección arqueológica -- Las técnicas de obtención del dato arqueológico (II): la excavación arqueológica -- El tiempo en prehistoria y arqueología. Métodos y técnicas de datación -- Métodos y técnicas aplicados al estudio de la cultura material (I) -- Métodos y técnicas aplicados al estudio de la cultura material (II) -- Conservar y transmitir el pasado. Técnicas de conservación, restauración y difusión del patrimonio arqueológico -- El trabajo con fuentes literarias en historia antigua: el método filológico y la crítica histórica -- La investigación sobre fuentes epigráficas. Las inscripciones y su contribución a la historia de la antigüedad: la epigrafía latina -- La moneda como objeto de estudio histórico en la antigüedad: las fuentes numismáticas -- Repertorios, obras monumentales y colecciones de referencia en la investigación en ciencias de la antigüedad.
526 _aP136
526 _aP135
526 _aP134
526 _aP133
526 _aP144
526 _aP143
526 _aP87
526 _aP35
526 _aP20
526 _aP14
526 _aP10
526 _aP06
541 _g002-00000599;
650 0 4 _aHistoria
_xMetodología.
650 0 4 _aHistoria
_xFuentes.
650 0 4 _aHistorias
_xInvestigación.
650 0 4 _aArqueología e historia.
650 0 4 _aArqueología
_xEstudio y enseñanza.
650 0 4 _aInvestigación científica.
650 0 7 _aHistoria
_xInvestigación
_xMetodología.
700 1 _aPeréx Agorreta, María Jesús,
_ecoordinador.
910 _adbm
_bcsm
_ccsm
_d20181120
942 _2ddc
_cBOOK
994 _aC0
_bPEPRU
596 _a1
999 _a907.2 P43
_wDEWEY
_c30220
_i79159
_f2021-11-8
_g4
_lCCODEBUL1
_mBUL
_p54.69
_r0
_sY
_tBOOK
_u2018-11-20
_xBIBLIOTECA
_PP69
_0COMPRA
_1FCOMPR2
_o.STAFF. Colección Ciencias de la Salud
_d30220
980 _81
_gALBERTO SANCHEZ Responsable de Automatización